| 000 | 00360nam a22001457a 4500 | ||
|---|---|---|---|
| 008 | 230404b ||||| |||| 00| 0 eng d | ||
| 020 | _a9780399171345 | ||
| 041 | _aeng | ||
| 080 |
_22015 EDITION _a61 |
||
| 082 | _a61GRI | ||
| 100 | _a8 | ||
| 101 | _aMJEKSI | ||
| 245 |
_aCOMPLETE GUIDETO PRESCRIPTION NONPRESCRIPTION DRUGS _cGRIFFITH.W.H |
||
| 942 |
_2udc _cBK |
||
| 999 |
_c59498 _d59498 |
||